000 00544nam a2200181Ia 4500
008 090124s9999 xx 000 0 und d
082 _b25783
_a310
100 _aवांगीकर बी. पी.
245 _a बहुगुणी वृक्ष
250 _a1
260 _c1988
300 _a130
600 _aवांगीकर बी. पी.
630 _a बहुगुणी वृक्ष
700 _aवांगीकर बी. पी.
730 _a बहुगुणी वृक्ष
942 _cBOOK
999 _c139282
_d139282